| 000 | 00671nam a2200193 a 4500 | ||
|---|---|---|---|
| 005 | 20180803165030.0 | ||
| 008 | 140306b1992 stk||||| |||| 00| 0 eng d | ||
| 040 |
_aCO-BoIAVH _cCO-BoIAVH |
||
| 041 | _aeng | ||
| 082 | 0 | 4 |
_a363.70560973 _bT56i |
| 100 | 1 |
_aTietenberg, Tom H. _917123 |
|
| 245 | 1 |
_aInnovation in environmental policy _beconomic and legal aspects of recent developments in environmental enforcement and liability |
|
| 260 |
_aEdimburgo _bEdwar Elgar Publishing _c1992 |
||
| 300 |
_a269 paginas.: _c24 x 16 cm. |
||
| 650 | 4 |
_aPolítica ambiental _956812 |
|
| 650 | 4 |
_aLegislación ambiental _956813 |
|
| 650 | 4 |
_aGestión ambiental _992206 |
|
| 942 |
_cLIBRO _2ddc |
||
| 999 |
_c2717 _d2717 |
||